Una contribución al estudio de la movilidad social en la Argentina. Análisis de los resultados de una encuesta para el Gran Buenos Aires (Registro nro. 16277)

Detalles MARC
000 -LEADER
fixed length control field 00430 a2200109 4500
001 - CONTROL NUMBER
control field ART_3273
005 - DATE AND TIME OF LATEST TRANSACTION
control field 20260410161713.0
008 - FIXED-LENGTH DATA ELEMENTS--GENERAL INFORMATION
fixed length control field 260409a
100 1# - MAIN ENTRY--PERSONAL NAME
Personal name Beccaria, Luis A.
245 10 - TITLE STATEMENT
Title Una contribución al estudio de la movilidad social en la Argentina. Análisis de los resultados de una encuesta para el Gran Buenos Aires
773 0# - HOST ITEM ENTRY
Title Desarrollo económico
Related parts - Vol. 17, Nº 68 (ene./mar. 1978)
Record control number REV1174

No hay ítems disponibles.